School leadership that works: (Record no. 19461)

MARC details
000 -LEADER
fixed length control field 00451nam a22001577a 4500
008 - FIXED-LENGTH DATA ELEMENTS--GENERAL INFORMATION
fixed length control field 220822b |||||||| |||| 00| 0 eng d
020 ## - INTERNATIONAL STANDARD BOOK NUMBER
International Standard Book Number 1416602279
050 ## - LIBRARY OF CONGRESS CALL NUMBER
Classification number LB2805
Item number .M37 2005
100 ## - MAIN ENTRY--PERSONAL NAME
Personal name Marzano, Robert J.
245 ## - TITLE STATEMENT
Title School leadership that works:
Remainder of title from research to results
Statement of responsibility, etc. Robert J. Marzano
260 ## - PUBLICATION, DISTRIBUTION, ETC. (IMPRINT)
Place of publication, distribution, etc. Alexandria
Name of publisher, distributor, etc. ASCD
Date of publication, distribution, etc. 2005
300 ## - PHYSICAL DESCRIPTION
Extent vi, 194p.
700 ## - ADDED ENTRY--PERSONAL NAME
Personal name Waters, Timothy
700 ## - ADDED ENTRY--PERSONAL NAME
Personal name Mcnulty, Brian A.
942 ## - ADDED ENTRY ELEMENTS (KOHA)
Source of classification or shelving scheme Library of Congress Classification
Koha item type General Collection
Holdings
Withdrawn status Lost status Source of classification or shelving scheme Not for loan Home library Current library Date acquired Cost, normal purchase price Total Checkouts Full call number Barcode Date last seen Price effective from Koha item type
    Library of Congress Classification   Kabarak, Main Campus Kabarak, Main Campus 22/08/2022 11181.00   LB2805 .M37 2005 c.1 032399 22/08/2022 22/08/2022 General Collection
Designed with assistance from East African Informatics Ltd